00293nam a2200121Ia 45000030006000000080041000060400015000471000027000622450044000892600009001335460012001420050017001540STCL150530s9999 xx 000 0 und d aSTCLcSTCL aRuskin; Cook, E.T.; Ed aWorks of John Ruskin works vol-II poems c1903 aEnglish20220125171141.0